Artificial Intelligence in Polymer Science and Nanotechnology : Autonomous Labs, Polymer Design, Materials Simulation /
Contiene: 1) Innovación en nanotecnología: sistemas de administración de fármacos poliméricos mejorados con IA; 2) Aplicaciones de aprendizaje automático en ciencia de materiales: revelando soluciones innovadoras; 3) Aprendizaje automático para simulación de materiales: revolucionando la ciencia de...
שמור ב:
| מחברים אחרים: | , |
|---|---|
| פורמט: | ספר |
| שפה: | אנגלית |
| יצא לאור: |
Berlín, Alemania :
De Gruyter Brill,
2026, c2026
|
| נושאים: | |
| גישה מקוונת: | Ver documento en línea |
| תגים: |
אין תגיות, היה/י הראשונ/ה לתייג את הרשומה!
|
MARC
| LEADER | 00000nam^a22000000a04500 | ||
|---|---|---|---|
| 001 | 000631104 | ||
| 005 | 20260525000000.0 | ||
| 009 | 20260526154602.438 | ||
| 020 | |a 9783111681870 | ||
| 020 | |a 9783111682389 | ||
| 037 | |a Acervo ITESO - Biblioteca | ||
| 041 | |a ING | ||
| 082 | |a 620. 192 |b ART | ||
| 245 | 0 | 0 | |a Artificial Intelligence in Polymer Science and Nanotechnology : |b Autonomous Labs, Polymer Design, Materials Simulation / |c Ed. y pref. de R. Malviya... [et al.] ; pról. de D. Galgotia. |
| 264 | 4 | |a Berlín, Alemania : |b De Gruyter Brill, |c 2026, c2026 | |
| 264 | 2 | |a Berlín, Alemania : |b De Gruyter Brill [distribución], |c 2026 | |
| 300 | |a 1 libro electrónico en línea (XVI, 409 p.) | ||
| 300 | |a 1 recurso en línea | ||
| 336 | |a datos para computadora |b cod |2 rdacontenido | ||
| 337 | |a computadora |b c |2 rdamedio | ||
| 338 | |a recurso en línea |b cr |2 rdasoporte | ||
| 506 | 0 | |a Licencias ilimitadas | |
| 520 | |a Contiene: 1) Innovación en nanotecnología: sistemas de administración de fármacos poliméricos mejorados con IA; 2) Aplicaciones de aprendizaje automático en ciencia de materiales: revelando soluciones innovadoras; 3) Aprendizaje automático para simulación de materiales: revolucionando la ciencia de los polímeros; 4) La revolución autónoma: papel de la IA en laboratorios autónomos para la ciencia de los materiales; 5) Diseño de secuencias de polímeros impulsado por IA: aplicaciones e innovaciones; 6) Explorando la relación entre estructura y propiedades en mezclas de polímeros utilizando técnicas de aprendizaje profundo; 7) Predicción de propiedades de polímeros: conocimientos de aprendizaje automático del genoma de polímeros; 8) Desarrollo impulsado por IA: innovando materiales poliméricos biomédicos; 9) Precisión predictiva: medición mejorada por IA de propiedades mecánicas en compuestos poliméricos nanoestructurados; 10) Inteligencia artificial en moldeo y extrusión de polímeros; 11) Descubriendo nuevas fronteras: exploraciones de materiales con IA y polímeros; 12) Avanzando en la seguridad de los nanomateriales: IA en evaluaciones de toxicidad y medioambientales; 13) Enfoques innovadores en sistemas de administración de fármacos (DDS) que aprovechan la IA y la caracterización avanzada de materiales; 14) Innovaciones robóticas en nanotecnología: redefiniendo la ciencia de los polímeros con IA. | ||
| 521 | |a De Gruyter Brill 2026 EEnlace Departamento de Matemáticas y Física | ||
| 649 | |a XX | ||
| 650 | |a Aprendizaje Automático (Inteligencia Artificial) | ||
| 650 | |a Inteligencia Artificial | ||
| 650 | |a Polímeros - |x Tema Principal | ||
| 650 | |a Materiales Nanoestructurados | ||
| 650 | |a Materiales | ||
| 650 | |a Seguridad Industrial | ||
| 650 | |a Biofotónica | ||
| 650 | |a Robótica | ||
| 650 | |a Nanotecnología | ||
| 650 | |a Biotecnología Farmacéutica | ||
| 650 | |a Ingeniería Computacional | ||
| 650 | |a Ingeniería Química | ||
| 700 | |a Malviya, Rishabha |e (edición y prefacio) | ||
| 700 | |a Galgotia, Dhruv |e (prólogo) | ||
| 856 | 4 | 0 | |u https://ezproxy.iteso.mx/login?qurl=https://doi.org/10.1515/9783111681870 |y Ver documento en línea |
| 910 | |a Fondo General | ||
| 920 | |a Electrónicos - Libros en Línea | ||
| 930 | |a Plataforma Digital | ||
| 905 | |a 205 | ||
| 901 | |a 631104-1 |b IT2 |c EBO |i C |u 20260525 | ||
| 902 | |a https://opac.biblio.iteso.mx/vufind/Record/000631104 | ||